Music Quiz

Random Music or Rap Quiz

Ludacris' Rap from Justin Bieber's Quiz Stats

 Plays Quiz not verified by Sporcle

Score 0/81 Timer 03:00
0 Plays Today
% Correct
was
94%
was
94%
was
94%
when
93.2%
when
93.2%
thirteen
92.1%
my
89.4%
my
89.4%
my
89.4%
my
89.4%
had
87.9%
first
87.5%
love
87.5%
and
83.4%
a
83.4%
the
83.4%
and
83.4%
the
83.4%
the
83.4%
she
81.1%
she
81.1%
she
81.1%
i
80.8%
i
80%
i
80%
i
80%
i
80%
% Correct
i
80%
baby
77%
nobody
75.1%
nobody
75.1%
above
72.8%
there
69.1%
to
68.7%
could
67.2%
compare
66.4%
come
66.4%
ever
66%
me
64.5%
between
63.4%
us
63.4%
that
63%
on
58.1%
on
58.1%
on
58.1%
heart
57.4%
heart
57.4%
her
57%
her
57%
see
55.8%
see
55.8%
playground
53.2%
came
50.6%
beat
50.2%
% Correct
skip
49.1%
pound
48.7%
weekends
48.7%
street
48.3%
made
47.2%
in
44.9%
school
44.9%
wanna
44.9%
or
44.2%
at
43%
but
42.6%
but
42.6%
but
42.6%
really
41.5%
got
37.7%
amazing
37%
so
36.2%
just
32.8%
now
31.3%
keep
30.9%
is
30.6%
saying
30.2%
breaking
28.3%
dazing
26.8%
because
24.5%
knows
23.8%
she's
19.6%

You're not logged in!

Compare scores with friends on all Sporcle quizzes.
OR
Log In

Show Comments

Extras

Created Nov 2, 2012ReportNominate
Tags:Rap Quiz, baby, bieber, justin, ludacri

Top Quizzes Today


Score Distribution

Your Account Isn't Verified!

In order to create a playlist on Sporcle, you need to verify the email address you used during registration. Go to your Sporcle Settings to finish the process.

Report this User

Report this user for behavior that violates our Community Guidelines.

Details: